[Event "FICS rated standard game"]
[Site "FICS freechess.org"]
[Date "2016.07.01"]
[Round "?"]
[White "tentacle"]
[Black "albex"]
[Result "0-1"]
[WhiteElo "2368"]
[BlackElo "2235"]
[PlyCount "180"]
[EventDate "2016.??.??"]

1. e4 c5 2. Nf3 Nc6 3. d4 cxd4 4. Nxd4 Nf6 5. Nc3 d6 6. Be2 e5 7. Nf3 h6 8. O-O
Be7 9. Bc4 O-O 10. Qe2 Na5 11. Bd3 Be6 12. Be3 Qd7 13. Rad1 a6 14. Bb6 Bd8 15.
Bxa5 Bxa5 16. Nd5 Bxd5 17. exd5 e4 18. Bxe4 Rfe8 19. Rd4 Qe7 20. Ra4 b6 21.
Bh7+ Kxh7 22. Qd3+ Kh8 23. b4 Qd7 24. Qb3 Re4 25. c4 Rxc4 26. Rxa5 Qg4 27. h3
Qf4 28. Ra3 Rxb4 29. Qc3 Rc4 30. Qd3 b5 31. g3 Qe4 32. Qxe4 Nxe4 33. Re1 g6 34.
Rd3 Rac8 35. Ra3 Ra8 36. Rd3 Kg7 37. Nd4 Nc3 38. a3 Rac8 39. Ree3 R4c5 40. Nb3
Nxd5 41. Nxc5 Nxe3 42. Nxa6 Nc4 43. Nb4 f6 44. f4 Kf7 45. Rc3 Ke6 46. Kf2 Ra8
47. Nc2 Kd5 48. Rd3+ Kc5 49. Kf3 h5 50. Ke4 f5+ 51. Kf3 d5 52. h4 Ra7 53. Kf2
Ra4 54. Ke2 Nd6 55. Ke3 Re4+ 56. Kf3 d4 57. Rd1 Nc4 58. Kf2 Nb2 59. Rd2 Na4 60.
Ne1 Kd5 61. Nc2 Nc3 62. Nb4+ Kc5 63. Nd3+ Kc4 64. Ne5+ Rxe5 65. fxe5 Ne4+ 66.
Ke2 Nxd2 67. Kxd2 Kd5 68. e6 Kxe6 69. Kd3 Kd5 70. Kd2 Ke4 71. Ke2 d3+ 72. Kf2
Kd4 73. Ke1 Ke3 74. Kd1 d2 75. a4 bxa4 76. Kc2 Ke2 77. Kc3 d1=Q 78. Kb4 Qb3+
79. Kc5 a3 80. Kd6 Qxg3+ 81. Kd7 a2 82. Kc6 Qc3+ 83. Kd7 a1=Q 84. Kd6 Qa6+ 85.
Kd7 Qaf6 86. Ke8 Qe6+ 87. Kd8 Qd3+ 88. Kc7 Qec4+ 89. Kb7 Qdb3+ 90. Ka8 Qca4#
0-1

[Event "Brno CZE, Duras Open 2016"]
[Site "Brno CZE"]
[Date "2016.06.29"]
[Round "5.17"]
[White "Halamka, Radek"]
[Black "Dvorakova, Olga"]
[Result "0-1"]
[WhiteElo "1787"]
[BlackElo "1529"]
[PlyCount "54"]
[EventDate "2016.06.25"]
[EventType "swiss"]
[EventRounds "9"]
[EventCountry "CZE"]
[SourceTitle "OM OTB B 201907"]
[Source "Opening Master"]
[SourceDate "2019.07.06"]
[SourceVersion "2"]
[SourceVersionDate "2019.07.06"]
[SourceQuality "1"]

1. e4 c5 2. Nf3 Nc6 3. d4 cxd4 4. Nxd4 Nf6 5. Nc3 d6 6. Be2 e5 7. Nb3 Be7 8.
Be3 Be6 9. Bf3 O-O 10. Qd2 a5 11. a3 h6 12. Rd1 a4 13. Nc1 Na5 14. Be2 Nc4 15.
Bxc4 Bxc4 16. f3 Qd7 17. N1a2 Nh5 18. Nb4 f5 19. Nbd5 Bd8 20. exf5 Qxf5 21. Ne4
Qg6 22. Kf2 Qxe4 23. Nc3 Qg6 24. Qxd6 Qxd6 25. Rxd6 Nf6 26. Rhd1 Bc7 27. R6d2
Ng4+ 0-1

[Event "FICS rated standard game"]
[Site "FICS freechess.org"]
[Date "2016.06.25"]
[Round "?"]
[White "GMarrecoInter"]
[Black "qcbarber"]
[Result "0-1"]
[WhiteElo "1920"]
[BlackElo "2132"]
[PlyCount "52"]
[EventDate "2016.??.??"]

1. e4 c5 2. Nf3 Nc6 3. d4 cxd4 4. Nxd4 Nf6 5. Nc3 d6 6. Be2 e5 7. Nb3 Be6 8.
O-O a6 9. Be3 Be7 10. Kh1 O-O 11. f4 d5 12. exd5 Nxd5 13. Nxd5 Bxd5 14. c4 Be4
15. Qxd8 Rfxd8 16. Nc5 Bxc5 17. Bxc5 Rd2 18. Rf2 Rxb2 19. fxe5 Re8 20. Raf1
Rxe5 21. Rxf7 g6 22. Rf8+ Kg7 23. R1f7+ Kh6 24. Be3+ g5 25. Rf6+ Bg6 26. Bd3
Rxe3 0-1

[Event "Guatape COL, Panamerican Ch U20 (g)"]
[Site "Guatape COL"]
[Date "2016.06.21"]
[Round "2.4"]
[White "Argote Heredia, Valentina"]
[Black "Gomez Barrera, Javiera Belen"]
[Result "1-0"]
[WhiteElo "2039"]
[BlackElo "1959"]
[PlyCount "143"]
[EventDate "2016.06.20"]
[EventType "swiss"]
[EventRounds "9"]
[EventCountry "COL"]
[SourceTitle "OM OTB B 201907"]
[Source "Opening Master"]
[SourceDate "2019.07.06"]
[SourceVersion "2"]
[SourceVersionDate "2019.07.06"]
[SourceQuality "1"]

1. e4 c5 2. Nf3 d6 3. d4 cxd4 4. Nxd4 Nf6 5. Nc3 Nc6 6. Be2 e5 7. Nb3 Be7 8.
Bg5 O-O 9. O-O a5 10. a4 Nb4 11. Bxf6 Bxf6 12. Nd2 d5 13. exd5 Nxd5 14. Nxd5
Qxd5 15. Bf3 Qd8 16. Qe2 Be6 17. Ne4 Be7 18. Nc3 Qc7 19. Nb5 Qc5 20. Rfe1 Rab8
21. Qxe5 Qxe5 22. Rxe5 Bf6 23. Ree1 Bxb2 24. Rab1 Bf6 25. Nd6 b6 26. Ne4 Be7
27. Red1 Rfc8 28. c3 f5 29. Nd6 Rxc3 30. Nb5 Rc5 31. Nd4 Bd7 32. Re1 Bf6 33.
Ne6 Bxe6 34. Rxe6 Kf7 35. Rd6 Ke7 36. Rbd1 Rc7 37. g3 Be5 38. R6d5 Kf6 39. Re1
Re7 40. Rb1 g6 41. h4 h6 42. Kg2 Bc3 43. Rd6+ Re6 44. Rd7 Bb4 45. h5 g5 46. Rh7
Ke5 47. Rd1 Bf8 48. Rf7 Rd6 49. Re1+ Kd4 50. Rxf5 Kc3 51. Rb5 Rf6 52. Re3+ Kc4
53. Be2+ Kd4 54. Rd3+ Ke4 55. Rd7 Bd6 56. Rb3 Bc5 57. f3+ Ke5 58. Bc4 Rbf8 59.
Rd5+ Ke6 60. Rxc5+ Kd6 61. Rcb5 Kc7 62. Bd5 Rd8 63. Rc3+ Kb8 64. Rc6 Rxc6 65.
Bxc6 Rd2+ 66. Kh3 Kc7 67. Be4 Ra2 68. Rf5 Rxa4 69. Rf7+ Kd8 70. Rf6 Rb4 71.
Rxh6 a4 72. Rg6 1-0

[Event "FICS rated standard game"]
[Site "FICS freechess.org"]
[Date "2016.06.21"]
[Round "?"]
[White "sentiger"]
[Black "GriffyJr"]
[Result "0-1"]
[WhiteElo "1901"]
[BlackElo "2111"]
[PlyCount "22"]
[EventDate "2016.??.??"]

1. e4 c5 2. Nf3 Nc6 3. d4 cxd4 4. Nxd4 Nf6 5. Nc3 d6 6. Be2 e5 7. Nb3 Be7 8.
Be3 O-O 9. Qd2 Ng4 10. O-O-O Nxe3 11. Qxe3 Bg5 0-1

[Event "FICS rated standard game"]
[Site "FICS freechess.org"]
[Date "2016.06.16"]
[Round "?"]
[White "GMarrecoInter"]
[Black "jaromsal"]
[Result "1-0"]
[WhiteElo "1906"]
[BlackElo "2101"]
[PlyCount "35"]
[EventDate "2016.??.??"]

1. e4 c5 2. Nf3 Nc6 3. d4 cxd4 4. Nxd4 Nf6 5. Nc3 d6 6. Be2 e5 7. Nb3 Be7 8.
Be3 Be6 9. f3 Rc8 10. Qd2 d5 11. exd5 Nxd5 12. Nxd5 Qxd5 13. Qxd5 Bxd5 14. c4
Be6 15. Nc5 Bxc5 16. Bxc5 b6 17. Be3 Nd4 18. Bxd4 1-0

[Event "FICS rated standard game"]
[Site "FICS freechess.org"]
[Date "2016.06.12"]
[Round "?"]
[White "GriffyJr"]
[Black "zhengqjf"]
[Result "1-0"]
[WhiteElo "2073"]
[BlackElo "2118"]
[PlyCount "91"]
[EventDate "2016.??.??"]

1. e4 c5 2. Nf3 d6 3. d4 cxd4 4. Nxd4 Nf6 5. Nc3 Nc6 6. Be2 e5 7. Nxc6 bxc6 8.
O-O Be7 9. Bg5 Be6 10. Qd2 h6 11. Be3 O-O 12. Qd3 Ng4 13. Bd2 Qb6 14. h3 Nf6
15. b3 Rfd8 16. Be3 Qb7 17. Rad1 d5 18. exd5 cxd5 19. Qb5 Qc7 20. Qd3 d4 21.
Nb5 Qc5 22. Bc1 e4 23. Qg3 Nh5 24. Bxh5 Qxh5 25. Nxd4 Bd7 26. c4 Rac8 27. Rfe1
f5 28. Qe5 Bf6 29. Qa5 Be8 30. Bb2 Bxd4 31. Bxd4 Bf7 32. Qxa7 Ra8 33. Qc7 Rdc8
34. Qe5 Qg6 35. a4 Rab8 36. Re3 Re8 37. Qg3 Qxg3 38. Rxg3 g5 39. a5 f4 40. Rc3
Red8 41. a6 Ra8 42. f3 Rxa6 43. fxe4 Rad6 44. Rcd3 Bg6 45. e5 Bxd3 46. exd6 1-0

[Event "FICS rated standard game"]
[Site "FICS freechess.org"]
[Date "2016.06.10"]
[Round "?"]
[White "GMarrecoInter"]
[Black "zhengqjf"]
[Result "1-0"]
[WhiteElo "1920"]
[BlackElo "2127"]
[PlyCount "99"]
[EventDate "2016.??.??"]

1. e4 c5 2. d4 cxd4 3. Nf3 Nc6 4. Nxd4 Nf6 5. Nc3 d6 6. Be2 e5 7. Ndb5 a6 8.
Na3 b5 9. Nd5 Nxd5 10. exd5 Nd4 11. Bd3 Be7 12. O-O O-O 13. c3 Nf5 14. Nc2 Nh4
15. Nb4 Ng6 16. Nc6 Qc7 17. Nxe7+ Qxe7 18. a4 Bd7 19. axb5 axb5 20. Rxa8 Rxa8
21. Qb3 Qe8 22. Re1 f5 23. Qb4 Qb8 24. Be3 f4 25. Bd2 Qb6 26. c4 Qd4 27. Bxg6
hxg6 28. Bc3 Qb6 29. cxb5 Bxb5 30. Qe4 Kh7 31. g3 Rf8 32. Qg2 Bd7 33. g4 Kg8
34. h3 Qc5 35. Qe4 Kh7 36. Bb4 Qb6 37. Rc1 Ba4 38. h4 f3 39. h5 Be8 40. Rc6
Bxc6 41. Qxg6+ Kg8 42. h6 Qa7 43. dxc6 Rf6 44. h7+ Kh8 45. Qe8+ Kxh7 46. Qh5+
Rh6 47. Qf5+ Kg8 48. Qc8+ Kf7 49. Qb7+ Qxb7 50. cxb7 1-0

[Event "FICS rated standard game"]
[Site "FICS freechess.org"]
[Date "2016.06.10"]
[Round "?"]
[White "StanObuX"]
[Black "albex"]
[Result "0-1"]
[WhiteElo "1909"]
[BlackElo "2230"]
[PlyCount "54"]
[EventDate "2016.??.??"]

1. e4 c5 2. Nf3 Nc6 3. d4 cxd4 4. Nxd4 Nf6 5. Nc3 d6 6. Be2 e5 7. Nxc6 bxc6 8.
O-O Be7 9. Be3 Rb8 10. b3 Qc7 11. f4 O-O 12. g4 Qa5 13. Qd3 Nxg4 14. Bd2 Qc5+
15. Kg2 exf4 16. Rxf4 Ne5 17. Qg3 h6 18. Kh1 Bg5 19. Rg1 g6 20. h4 Bxf4 21.
Bxf4 Kh7 22. h5 g5 23. Bc1 f5 24. exf5 Bxf5 25. Bxg5 hxg5 26. Qxg5 Rb7 27. Rg3
Qf2 0-1

[Event "FICS rated standard game"]
[Site "FICS freechess.org"]
[Date "2016.06.08"]
[Round "?"]
[White "Akhosoho"]
[Black "GriffySr"]
[Result "0-1"]
[WhiteElo "1885"]
[BlackElo "2134"]
[PlyCount "92"]
[EventDate "2016.??.??"]

1. e4 c5 2. Nf3 Nc6 3. Nc3 d6 4. d4 cxd4 5. Nxd4 Nf6 6. Be2 e5 7. Nxc6 bxc6 8.
O-O Be7 9. Be3 O-O 10. f4 exf4 11. Bxf4 Qb6+ 12. Kh1 Qxb2 13. Qd2 Be6 14. a4
Ng4 15. Rfb1 Qxa1 16. Rxa1 Ne5 17. Bxe5 dxe5 18. Qe3 Rfb8 19. h3 Rb2 20. Bd3 a5
21. Qc1 Rb4 22. Ne2 Rd8 23. Ng3 g6 24. Qh6 Rdd4 25. h4 Rxa4 26. Rxa4 Rxa4 27.
h5 Rb4 28. hxg6 hxg6 29. Qc1 a4 30. Kh2 Rd4 31. Ne2 Rd8 32. Qb2 a3 33. Qxe5 Bd6
34. Qxd6 Rxd6 35. Nc3 a2 36. Nxa2 Bxa2 37. g4 Kg7 38. Kg3 Bb3 39. Kf3 Kf6 40.
Kf4 g5+ 41. Ke3 Ba2 42. Kd2 Be6 43. Kc3 Bxg4 44. Kc4 Be6+ 45. Kc5 Ke5 46. Kb4
Kd4 0-1

[Event "FICS rated standard game"]
[Site "FICS freechess.org"]
[Date "2016.06.07"]
[Round "?"]
[White "GriffyJr"]
[Black "jaromsal"]
[Result "1/2-1/2"]
[WhiteElo "2078"]
[BlackElo "2078"]
[PlyCount "94"]
[EventDate "2016.??.??"]

1. e4 c5 2. Nf3 Nc6 3. d4 cxd4 4. Nxd4 Nf6 5. Nc3 d6 6. Be2 e5 7. Nxc6 bxc6 8.
O-O Be7 9. Bg5 O-O 10. Bc4 Rb8 11. b3 Bb7 12. Qf3 h6 13. Bh4 Nxe4 14. Bxe7 Qxe7
15. Qxe4 d5 16. Nxd5 cxd5 17. Bxd5 Bxd5 18. Qxd5 Rfd8 19. Qa5 Rbc8 20. c4 Rc5
21. Qb4 Qd6 22. Qb7 Rc7 23. Qe4 Rcd7 24. Rfe1 f6 25. Qg4 Qc5 26. Rad1 Rd2 27.
Qe2 Qa5 28. Rxd2 Rxd2 29. Qf3 Rxa2 30. Rd1 Ra1 31. Qa8+ Kh7 32. Qe4+ Kg8 33.
Qe2 Ra2 34. Qg4 Rd2 35. Rxd2 Qxd2 36. Qc8+ Kh7 37. Qf5+ g6 38. Qb1 a5 39. g3 f5
40. Kg2 Qc3 41. Qd1 e4 42. Qd7+ Kh8 43. Qe8+ Kg7 44. Qe7+ Kg8 45. Qe8+ Kg7 46.
Qe7+ Kg8 47. Qe8+ Kg7 1/2-1/2

[Event "FICS rated standard game"]
[Site "FICS freechess.org"]
[Date "2016.06.07"]
[Round "?"]
[White "sentiger"]
[Black "GriffyJr"]
[Result "0-1"]
[WhiteElo "1955"]
[BlackElo "2079"]
[PlyCount "34"]
[EventDate "2016.??.??"]

1. e4 c5 2. Nf3 d6 3. d4 cxd4 4. Nxd4 Nf6 5. Nc3 Nc6 6. Be2 e5 7. Nb3 Be7 8.
Be3 O-O 9. O-O Be6 10. f4 exf4 11. Rxf4 Nb4 12. a3 Nc6 13. Nd5 Ne5 14. Nd4 Nxd5
15. Nxe6 Nxe3 16. Nxd8 Nxd1 17. Rxd1 Raxd8 0-1

[Event "FICS rated standard game"]
[Site "FICS freechess.org"]
[Date "2016.05.30"]
[Round "?"]
[White "ShiftyKant"]
[Black "Triarius"]
[Result "0-1"]
[WhiteElo "1885"]
[BlackElo "2270"]
[PlyCount "52"]
[EventDate "2016.??.??"]

1. e4 c5 2. Nf3 Nc6 3. d4 cxd4 4. Nxd4 Nf6 5. Nc3 d6 6. Be2 e5 7. Nf3 h6 8. O-O
Be7 9. Ne1 O-O 10. f4 exf4 11. Bxf4 Be6 12. Nd3 d5 13. e5 Ne4 14. Nb5 a6 15.
Nd6 Nxd6 16. exd6 Bxd6 17. Qd2 Bxf4 18. Nxf4 Qb6+ 19. Kh1 Qxb2 20. Rab1 Qxa2
21. Rxb7 d4 22. Rc7 Rac8 23. Nxe6 Qxe6 24. Rxc8 Qxc8 25. Bc4 a5 26. Qd3 Ne5 0-1

[Event "FICS rated blitz game"]
[Site "FICS freechess.org"]
[Date "2016.05.30"]
[Round "?"]
[White "fighterf"]
[Black "Lurking"]
[Result "0-1"]
[WhiteElo "1938"]
[BlackElo "2510"]
[PlyCount "36"]
[EventDate "2016.??.??"]
[EventType "blitz"]

1. e4 c5 2. Nf3 d6 3. d4 cxd4 4. Nxd4 Nf6 5. Nc3 Nc6 6. Be2 e5 7. Ndb5 a6 8.
Na3 Nd4 9. Be3 Nxe2 10. Qxe2 b5 11. Nd5 Nxd5 12. exd5 Qa5+ 13. c3 Be7 14. O-O
O-O 15. Nc2 Qc7 16. Rad1 Bd7 17. f4 f6 18. Qd2 Rac8 0-1

[Event "FICS rated standard game"]
[Site "FICS freechess.org"]
[Date "2016.05.29"]
[Round "?"]
[White "comdab"]
[Black "qcbarber"]
[Result "0-1"]
[WhiteElo "1862"]
[BlackElo "2155"]
[PlyCount "96"]
[EventDate "2016.??.??"]

1. e4 c5 2. Nf3 Nc6 3. d4 cxd4 4. Nxd4 Nf6 5. Nc3 d6 6. Be2 e5 7. Nb3 Be6 8.
Be3 Be7 9. g4 O-O 10. h4 h6 11. g5 hxg5 12. hxg5 Nd7 13. Qd2 Nc5 14. O-O-O
Nxb3+ 15. axb3 Qa5 16. Kb1 a6 17. Nd5 Qxd2 18. Nxe7+ Nxe7 19. Rxd2 Rad8 20. f4
exf4 21. Bxf4 d5 22. Rhd1 b5 23. Bf3 Ng6 24. Bg3 dxe4 25. Rxd8 exf3 26. Rxf8+
Kxf8 27. Rd3 Bg4 28. Kc1 Nf4 29. Kd2 Nxd3 30. cxd3 Ke7 31. Ke3 f6 32. Kf4 Bh5
33. gxf6+ Kxf6 34. d4 g5+ 35. Ke4 a5 36. d5 Bg4 37. Kd4 Bd7 38. Ke3 g4 39. Kf4
Ke7 40. Ke5 Kf7 41. Kd6 Be8 42. Kc7 Kf6 43. d6 Ke6 44. Kb6 Kd5 45. Kxa5 Kd4 46.
Kb6 Ke3 47. Kc7 f2 48. d7 Bxd7 0-1

[Event "Bad Homburg GER,19th Rhein-Main-Open"]
[Site "Bad Homburg GER"]
[Date "2016.05.28"]
[Round "5"]
[White "Krzesinski, Paul"]
[Black "Isserman, Ryhor"]
[Result "1/2-1/2"]
[WhiteElo "2046"]
[BlackElo "2270"]
[PlyCount "75"]
[EventDate "2016.05.25"]
[EventType "swiss"]
[EventRounds "7"]
[EventCountry "GER"]
[SourceTitle "OM OTB B 201907"]
[Source "Opening Master"]
[SourceDate "2019.07.06"]
[SourceVersion "2"]
[SourceVersionDate "2019.07.06"]
[SourceQuality "1"]

1. e4 c5 2. Nf3 Nc6 3. d4 cxd4 4. Nxd4 Nf6 5. Nc3 d6 6. Be2 e5 7. Nf3 h6 8. h3
Be7 9. Be3 Be6 10. Qd2 O-O 11. Rd1 Qa5 12. O-O Rfd8 13. a3 d5 14. Nxd5 Bxd5 15.
Qxa5 Nxa5 16. exd5 Nxd5 17. Nxe5 Nxe3 18. fxe3 Bf6 19. Nc4 Rxd1 20. Rxd1 Nxc4
21. Bxc4 b5 22. Bxb5 Bxb2 23. Rd3 Rc8 24. c4 a6 25. Bxa6 Ra8 26. Rb3 Bc1 27.
Rc3 Bb2 28. Rc2 Bxa3 29. Bb5 Bc5 30. Rc3 Ra2 31. Kf1 Kf8 32. Rd3 Ke7 33. Rd5
Bd6 34. c5 Bg3 35. Rd7+ Ke6 36. Rd3 Rf2+ 37. Kg1 Rc2 38. Ba4 1/2-1/2

[Event "Agadir MAR, FIDE Zone 4.1 (m)"]
[Site "Agadir MAR"]
[Date "2016.05.24"]
[Round "1.4"]
[White "Draoui, Najib"]
[Black "Achraf hadj, Khoulti"]
[Result "1-0"]
[WhiteElo "2310"]
[BlackElo "2105"]
[PlyCount "71"]
[EventDate "2016.05.24"]
[EventType "swiss"]
[EventRounds "9"]
[EventCountry "MAR"]
[SourceTitle "OM OTB B 201907"]
[Source "Opening Master"]
[SourceDate "2019.07.06"]
[SourceVersion "2"]
[SourceVersionDate "2019.07.06"]
[SourceQuality "1"]

1. e4 c5 2. Nf3 d6 3. d4 cxd4 4. Nxd4 Nf6 5. Nc3 Nc6 6. Be2 e5 7. Nf3 h6 8. O-O
Be7 9. Re1 O-O 10. h3 Be6 11. Bf1 Rc8 12. Nd5 Bxd5 13. exd5 Nb8 14. c4 Nbd7 15.
Be3 b5 16. cxb5 Nb6 17. a4 Nfxd5 18. Bd2 Nf6 19. Qb3 Nfd7 20. a5 Nc5 21. Qa2
Nbd7 22. b4 Ne6 23. Be3 Qc7 24. Rec1 Qb8 25. Rc6 Nf6 26. Ra6 e4 27. Bxa7 Qb7
28. Nd4 Nc7 29. Rb6 Qa8 30. Nc6 Ncd5 31. Nxe7+ Nxe7 32. Ra6 Ned5 33. Bc4 Qb7
34. Rxd6 Rfd8 35. Rxd8+ Rxd8 36. Rd1 1-0

[Event "Corum op"]
[Site "Corum"]
[Date "2016.05.23"]
[Round "1"]
[White "Quparadze, Giga"]
[Black "Kayaman, Metin"]
[Result "1-0"]
[WhiteElo "2442"]
[BlackElo "1756"]
[PlyCount "55"]
[EventDate "2016.05.23"]
[EventType "swiss"]
[EventRounds "9"]
[EventCountry "TUR"]
[SourceTitle "OM OTB B 201907"]
[Source "Opening Master"]
[SourceDate "2019.07.06"]
[SourceVersion "2"]
[SourceVersionDate "2019.07.06"]
[SourceQuality "1"]

1. e4 c5 2. Nf3 Nc6 3. d4 cxd4 4. Nxd4 Nf6 5. Nc3 d6 6. Be2 e5 7. Nf3 h6 8. O-O
Be6 9. Re1 Be7 10. h3 O-O 11. Bf1 Rc8 12. Nd5 Bxd5 13. exd5 Nb8 14. c4 Nbd7 15.
Be3 a5 16. a3 Nc5 17. b4 axb4 18. axb4 Na6 19. Qb3 Nd7 20. Red1 Qc7 21. c5 dxc5
22. d6 Bxd6 23. Qd5 Nxb4 24. Qxd6 Rfd8 25. Qxc7 Rxc7 26. Nxe5 Nc2 27. Rac1 Nxe3
28. fxe3 1-0

[Event "FICS rated standard game"]
[Site "FICS freechess.org"]
[Date "2016.05.23"]
[Round "?"]
[White "sentiger"]
[Black "GriffyJr"]
[Result "0-1"]
[WhiteElo "1964"]
[BlackElo "2110"]
[PlyCount "84"]
[EventDate "2016.??.??"]

1. e4 c5 2. Nf3 Nc6 3. d4 cxd4 4. Nxd4 Nf6 5. Nc3 d6 6. Be2 e5 7. Nb3 Be7 8.
Be3 O-O 9. Bf3 Be6 10. h3 Bc4 11. Be2 Bxe2 12. Qxe2 d5 13. exd5 Nxd5 14. Nxd5
Qxd5 15. O-O Rad8 16. Rad1 Qe4 17. Rxd8 Rxd8 18. Rd1 Rxd1+ 19. Qxd1 b6 20. Nd2
Qa4 21. a3 Nd4 22. Bxd4 Qxd4 23. c3 Qd3 24. Qe1 Qb5 25. b4 f6 26. c4 Qa4 27.
Qc1 a5 28. bxa5 Bxa3 29. Qc3 Bb4 30. Qb2 Qd1+ 31. Kh2 bxa5 32. Ne4 Qd3 33. f3
Qxc4 34. Qa1 f5 35. Ng3 Bc3 36. Qb1 g6 37. Qb8+ Kg7 38. Qb7+ Qf7 39. Qb6 a4 40.
h4 Bd4 41. Qa6 Qf6 42. Kh3 Qxa6 0-1

[Event "GER-ch U25-A"]
[Site "Willingen"]
[Date "2016.05.20"]
[Round "8"]
[White "Sinnhoefer, Jonas"]
[Black "Kagan, Dennis"]
[Result "1-0"]
[WhiteElo "1785"]
[BlackElo "1974"]
[PlyCount "85"]
[EventDate "2016.05.15"]
[EventType "swiss"]
[EventRounds "9"]
[EventCountry "GER"]
[SourceTitle "OM OTB B 201907"]
[Source "Opening Master"]
[SourceDate "2019.07.06"]
[SourceVersion "2"]
[SourceVersionDate "2019.07.06"]
[SourceQuality "1"]

1. e4 c5 2. Nf3 Nc6 3. d4 cxd4 4. Nxd4 Nf6 5. Nc3 d6 6. Be2 e5 7. Nb3 Be7 8.
O-O O-O 9. Be3 a5 10. a3 a4 11. Nd2 Be6 12. Nc4 b5 13. Nb6 Rb8 14. Nbd5 Na5 15.
Nxf6+ gxf6 16. Bxb5 Bd7 17. Bh6 Re8 18. Bxd7 Qxd7 19. Nxa4 f5 20. Nc5 Qc8 21.
exf5 Qxf5 22. Nd3 Kh8 23. b3 Rg8 24. Qd2 Qh3 25. f3 Rg6 26. Be3 Rbg8 27. Rf2
Bh4 28. Re2 Qxf3 29. Rf1 Qb7 30. Ne1 Bxe1 31. Rfxe1 f5 32. Rf1 f4 33. Rxf4 exf4
34. Bd4+ R6g7 35. Qxa5 f3 36. Rf2 h6 37. Qh5 Kh7 38. Bxg7 Qxg7 39. Qf5+ Kh8 40.
Qxf3 Qa1+ 41. Rf1 Qxa3 42. Qc3+ Rg7 43. Rf8+ 1-0

[Event "Hannover Ihme Cup"]
[Site "Hannover"]
[Date "2016.05.20"]
[Round "1"]
[White "Sideris, Apostolos"]
[Black "Wall, Max"]
[Result "1/2-1/2"]
[WhiteElo "1807"]
[BlackElo "1962"]
[PlyCount "57"]
[EventDate "2016.05.20"]
[EventType "swiss"]
[EventRounds "5"]
[EventCountry "GER"]
[SourceTitle "OM OTB B 201907"]
[Source "Opening Master"]
[SourceDate "2019.07.06"]
[SourceVersion "2"]
[SourceVersionDate "2019.07.06"]
[SourceQuality "1"]

1. e4 c5 2. Nf3 d6 3. d4 cxd4 4. Nxd4 Nf6 5. Nc3 Nc6 6. Be2 e5 7. Nf3 h6 8. h3
Be7 9. Be3 O-O 10. Qd2 Be6 11. O-O d5 12. exd5 Nxd5 13. Nxd5 Qxd5 14. Qxd5 Bxd5
15. Rfd1 Be6 16. Bb5 Nb4 17. Rd2 Bf5 18. Ba4 Rac8 19. Bd7 Bxd7 20. Rxd7 Nxc2
21. Rc1 Nxe3 22. Rxc8 Rxc8 23. Rxe7 Rc1+ 24. Kh2 Nf1+ 25. Kh1 e4 26. Ne5 f5 27.
Ng6 Ng3+ 28. Kh2 Nf1+ 29. Kh1 1/2-1/2

[Event "Aligarh Pavna op"]
[Site "Aligarh"]
[Date "2016.05.18"]
[Round "3"]
[White "Raghav, HS."]
[Black "Deepak, Katiyar"]
[Result "0-1"]
[WhiteElo "1600"]
[BlackElo "2128"]
[PlyCount "76"]
[EventDate "2016.05.17"]
[EventType "swiss"]
[EventRounds "9"]
[EventCountry "IND"]
[SourceTitle "OM OTB B 201907"]
[Source "Opening Master"]
[SourceDate "2019.07.06"]
[SourceVersion "2"]
[SourceVersionDate "2019.07.06"]
[SourceQuality "1"]

1. e4 c5 2. Nf3 d6 3. d4 cxd4 4. Nxd4 Nf6 5. Nc3 Nc6 6. Be2 e5 7. Nf3 h6 8. h3
Be7 9. O-O O-O 10. a3 Be6 11. Be3 d5 12. exd5 Nxd5 13. Nxd5 Bxd5 14. Bb5 Bf6
15. Bxc6 Bxc6 16. Qxd8 Rfxd8 17. Nd2 Rd7 18. Rfe1 Rad8 19. Nb3 b6 20. Rac1 Ba4
21. Na1 Be7 22. c3 f5 23. g3 g5 24. f4 gxf4 25. gxf4 Bh4 26. Rf1 Rg7+ 27. Kh2
Bg3+ 28. Kg1 Bc6 29. Rfd1 Bxf4+ 30. Kf1 Rxd1+ 31. Rxd1 Bxe3 32. Rd8+ Kh7 33.
Ke2 f4 34. Kd3 Rg1 35. Rc8 Rd1+ 36. Kc2 Rxa1 37. Rxc6 f3 38. Kd3 f2 0-1

[Event "FICS rated standard game"]
[Site "FICS freechess.org"]
[Date "2016.05.17"]
[Round "?"]
[White "sentiger"]
[Black "GriffyJr"]
[Result "0-1"]
[WhiteElo "2015"]
[BlackElo "2137"]
[PlyCount "120"]
[EventDate "2016.??.??"]

1. e4 c5 2. Nf3 Nc6 3. d4 cxd4 4. Nxd4 Nf6 5. Nc3 d6 6. Be2 e5 7. Nb3 Be7 8.
Be3 O-O 9. Qd2 Ng4 10. Bxg4 Bxg4 11. Nd5 f5 12. f3 Bh4+ 13. Bf2 fxe4 14. Bxh4
Qxh4+ 15. g3 Qh3 16. fxg4 Qxg4 17. Qe2 Rf3 18. O-O-O Rxg3 19. Qxg4 Rxg4 20. Ne3
Rg6 21. Rhg1 Rxg1 22. Rxg1 Rf8 23. Rd1 Rd8 24. c4 Nb4 25. c5 d5 26. a4 Nd3+ 27.
Kc2 d4 28. Nc4 Rf8 29. Rd2 Rf3 30. Nc1 Nxc5 31. b3 Rc3+ 32. Kb2 Nxb3 33. Nxb3
Rxc4 34. a5 Kf7 35. Re2 e3 36. Nc1 e4 37. h4 Ke6 38. Nb3 g6 39. a6 bxa6 40.
Nxd4+ Rxd4 41. Rxe3 Kd5 42. Ra3 Rd2+ 43. Kc1 Rf2 44. Rxa6 Rf7 45. h5 gxh5 46.
Rh6 e3 47. Kd1 Kd4 48. Rxh5 Rb7 49. Ke2 Rb2+ 50. Ke1 Kd3 51. Rd5+ Ke4 52. Rd7
a5 53. Rxh7 a4 54. Ra7 a3 55. Re7+ Kd3 56. Rd7+ Kc3 57. Ra7 a2 58. Kf1 e2+ 59.
Ke1 Rb1+ 60. Kxe2 a1=Q 0-1

[Event "FICS rated blitz game"]
[Site "FICS freechess.org"]
[Date "2016.05.12"]
[Round "?"]
[White "Saaker"]
[Black "flykiller"]
[Result "1-0"]
[WhiteElo "1960"]
[BlackElo "2169"]
[PlyCount "141"]
[EventDate "2016.??.??"]
[EventType "blitz"]

1. e4 c5 2. Nf3 d6 3. Be2 Nc6 4. d4 cxd4 5. Nxd4 Nf6 6. Nc3 e5 7. Nb3 Be7 8.
Be3 Be6 9. O-O O-O 10. f4 Na5 11. f5 Bc4 12. Nxa5 Bxe2 13. Nxb7 Bxd1 14. Nxd8
Bxc2 15. Nc6 Rfe8 16. Bg5 Bd3 17. Rfd1 Ba6 18. Nxe7+ Rxe7 19. Rxd6 Bb7 20. Bxf6
gxf6 21. Rad1 Rc8 22. Rxf6 Kg7 23. Rfd6 f6 24. Rd7 Rc7 25. Rd8 Kh6 26. R8d6 Kg5
27. Kf2 Rxc3 28. bxc3 Bxe4 29. h4+ Kxf5 30. Ke3 Bxg2 31. R1d2 Bh3 32. Rf2+ Kg4
33. Rdxf6 Rc7 34. Kd2 Kxh4 35. Rh6+ Kg3 36. Re2 Rd7+ 37. Kc1 Bg4 38. Rxe5 Kf4
39. Rc5 Rd1+ 40. Kc2 Ra1 41. Kb2 Rg1 42. Rc4+ Kg5 43. Rxh7 Be6 44. Rg7+ Kf6 45.
Rxg1 Bxc4 46. Rd1 Ke5 47. Rd7 a6 48. a4 Ke6 49. Rh7 Kd5 50. Ka3 Kc5 51. Rh5+
Kb6 52. Kb4 Bd3 53. a5+ Kc6 54. Rh6+ Kc7 55. Kc5 Be2 56. c4 Bd3 57. Rxa6 Kb7
58. Rb6+ Ka7 59. Kb5 Bf1 60. Kb4 Be2 61. c5 Bf3 62. c6 Be4 63. c7 Bf5 64. Kc5
Bc8 65. Rb8 Bb7 66. c8=Q Bxc8 67. Rxc8 Kb7 68. Rc6 Ka7 69. a6 Kb8 70. Kb6 Ka8
71. Rc8# 1-0

[Event "Stuttgart-chB int"]
[Site "Ditzingen"]
[Date "2016.05.08"]
[Round "7"]
[White "Rieder, Josef"]
[Black "Krivoborodov, Vasily"]
[Result "0-1"]
[WhiteElo "1771"]
[BlackElo "1629"]
[PlyCount "44"]
[EventDate "2016.05.05"]
[EventType "swiss"]
[EventRounds "7"]
[EventCountry "GER"]
[SourceTitle "OM OTB B 201907"]
[Source "Opening Master"]
[SourceDate "2019.07.06"]
[SourceVersion "2"]
[SourceVersionDate "2019.07.06"]
[SourceQuality "1"]

1. e4 c5 2. Nf3 d6 3. d4 cxd4 4. Nxd4 Nf6 5. Nc3 Nc6 6. Be2 e5 7. Ndb5 a6 8.
Na3 b5 9. Naxb5 axb5 10. Bxb5 Bd7 11. Bg5 Be7 12. O-O Nd4 13. Bd3 O-O 14. Be3
Ne6 15. f3 Nc5 16. Bc4 Qc7 17. Nd5 Nxd5 18. Bxd5 Bc6 19. c4 Rab8 20. Rb1 Bxd5
21. Qxd5 Na4 22. Rf2 Nc3 0-1